000 00767cam a22002653a 4500
001 4663
003 PGUSA
005 20140828083103.0
008 031101s2003||||xxu|||||s|||||000 | eng d
040 _aPGUSA
_beng
042 _adc
050 4 _aBF
050 4 _aRC
100 1 _aVaknin, Samuel,
_d1961-
245 1 0 _aMalignant Self Love [Excerpts]
_h[electronic resource] /
_cSamuel Vaknin
260 _bProject Gutenberg,
_c2003
500 _a"EXCERPTS – NOT the full Book!"
506 _aCopyrighted. Read the copyright notice inside this book for details.
516 _aElectronic text
653 _aNarcissism
700 1 _aRangelovska, Lidija
830 0 _aProject Gutenberg
_v4663
856 4 0 _uhttp://www.gutenberg.org/ebooks/4663
942 _cEB
999 _c233992
_d233992